01325nam a2200241 a 4500008004100000020001500041041000800056092002000064100002700084245011400111250001100225260004200236300001000278500014900288653005900437653014600496653008400642653007200726653005600798942001200854999001500866952020200881110706t1995 sp |||f |||| 001 0 spa d a848549847X aspa c616.89l77sSCH1 aSchnitmann, Luis93790 aTratamiento de las drogodependencias.bHeroína, cocaína, alcohol, tabaco, sintéticos /cLuis Schnitmann a1a ed. aMadrid:bEditorial Grupo Cero;c1995. a80 p. aSchnitmann, L. (1995). Tratamiento de las drogodependencias: Heroína, cocaína, alcohol, tabaco, sintéticos. (1a ed.). Madrid : Grupo Cero. 3aLa enfermedad social-psiquiatrica. Niveles de gravedad aCortar el cordon umbilical. Distintas manifestaciones, el mismo punto de vista psicoanalitico (heroina, cocaina, alchool, tabaco, sinteticos) aIndicaciones tepareuticas. Criterios para el reordenamiento de las indicaciones aEjercicios clínicos. Un caso tipico de "lo que pasa con la droga" 3aLa prevención en entredicho o la crisis del padre 2ddccBK c2200d2200 00102ddc4070aBFMbBFMcCRd2015-09-21eDonación Alberto J. Molinari, Septiembre 2015l0o616.89 77 SCHp3539r2015-09-21tEj.1w2015-09-21yBKzDonación Alberto J. Molinari, Septiembre 2015